Statistics for Famous People Who Wear Glasses by Picture

Click here to take the quiz!

General Stats

  • This quiz has been taken 218 times
  • The average score is 7 of 12

Answer Stats

Answer% Correct
Elton John
96%
Johnny Depp
94%
Mahatma Gandhi
93%
Steve Jobs
90%
Stevie Wonder
73%
Bono
66%
Woody Allen
59%
Andy Warhol
57%
Anna Wintour
24%
Heston Blumenthal
20%
Dennis Taylor
16%
Susan B. Anthony
8%

Score Distribution

Percentile by Number Answered

Percent of People with Each Score

Your Score History

You have not taken this quiz